| 000 | 02254cam a2200409 a 4500 | ||
|---|---|---|---|
| 001 | 15529687 | ||
| 005 | 20170105102856.0 | ||
| 008 | 081120s2009 coua b 001 0 eng | ||
| 010 | _a 2008048408 | ||
| 015 |
_aGBA901106 _2bnb |
||
| 016 | 7 |
_a014864602 _2Uk |
|
| 020 | _a9781588266347 (hardcover : alk. paper) | ||
| 020 | _a1588266346 (hardcover : alk. paper) | ||
| 020 | _a9781588266101 (pbk. : alk. paper) | ||
| 020 | _a1588266109 (pbk. : alk. paper) | ||
| 035 | _a(OCoLC)ocn270985559 | ||
| 040 |
_aDLC _cDLC _dYDXCP _dUKM _dC#P _dBWX _dVVC _dCDX _dDLC |
||
| 043 |
_ae------ _an------ |
||
| 050 | 0 | 0 |
_aJZ5588 _b.T73 2009 |
| 082 | 0 | 0 |
_a355/.03351821 _222 |
| 245 | 0 | 0 |
_aTransforming defense capabilities : _bnew approaches for international security / _cedited by Scott Jasper. |
| 260 |
_aBoulder : _bLynne Rienner Publishers, _c2010. |
||
| 300 |
_axi, 259 p. : _bill. ; _c23 cm. |
||
| 504 | _aIncludes bibliographical references (p. 231-238) and index. | ||
| 505 | 0 | _aThe capabilities-based approach / Scott Jasper -- On military revolution / Daniel Moran -- The influence of the information age / Henrik Friman, Susan Higgins -- Patterns in innovation / John J. Garstka -- Pressing contemporary issues / Scott Moreland, James Mattox -- Collective solution guidelines / Kelly L. Mayes, Scott Graham -- The role of concept development / Michael Hallett -- Scientific rigor in defense experimentation / George T. Hodermarsky -- The US shift beyond capital assets / Rich Butler -- The NATO response force initiative / Paul Giarra -- Pacific theater assessments / Mel Chaloupka, Mike Solomon -- Measuring progress / Scott Jasper. | |
| 610 | 2 | 0 | _aNorth Atlantic Treaty Organization. |
| 650 | 0 | _aSecurity, International. | |
| 650 | 0 |
_aNational security _zNorth America. |
|
| 650 | 0 |
_aNational security _zEurope. |
|
| 651 | 0 |
_aNorth America _xDefenses. |
|
| 651 | 0 |
_aEurope _xDefenses. |
|
| 700 | 1 | _aJasper, Scott. | |
| 856 | 4 | 1 |
_3Table of contents only _uhttp://www.loc.gov/catdir/toc/fy0904/2008048408.html |
| 906 |
_a7 _bcbc _corignew _d1 _eecip _f20 _gy-gencatlg |
||
| 942 |
_2ddc _cBK |
||
| 999 |
_c14500 _d14500 |
||